The genesis of modern British town planning (Record no. 75841)
[ view plain ]
| 000 -LEADER | |
|---|---|
| fixed length control field | 00683nam a2200145 a 4500 |
| 008 - FIXED-LENGTH DATA ELEMENTS--GENERAL INFORMATION | |
| fixed length control field | 120416s9999 ||||||||||||||||| || u |
| 050 ## - LIBRARY OF CONGRESS CALL NUMBER | |
| Classification number | NA 9185 Ash |
| 100 ## - MAIN ENTRY--PERSONAL NAME | |
| Personal name | Ashworth, William |
| 245 14 - TITLE STATEMENT | |
| Title | The genesis of modern British town planning |
| 246 ## - | |
| -- | a study in economic and social history of nineteenth and twentieth centuries |
| 260 ## - PUBLICATION, DISTRIBUTION, ETC. | |
| Place of publication, distribution, etc. | (1954) |
| 350 ## - | |
| -- | 0.00 |
| 995 ## - | |
| -- | ANNEX COLLECTION (Main Library) |
| -- | 0.00 |
| -- | 711517 |
| -- | CBU-MAIN LIBRARY (Kitwe) |
| -- | 1 |
| -- | 0.00 |
| -- | NA 9185 Ash |
| -- | AVAILABLE |
| -- | 010376 |
| -- | Annex Low-Usage Collection |
| 995 ## - | |
| -- | ANNEX COLLECTION (Main Library) |
| -- | 0.00 |
| -- | 711516 |
| -- | CBU-MAIN LIBRARY (Kitwe) |
| -- | 2 |
| -- | 0.00 |
| -- | NA 9185 Ash |
| -- | AVAILABLE |
| -- | 010375 |
| -- | Annex Low-Usage Collection |
| 999 ## - | |
| -- | 75841 |
| -- | 75841 |
| Withdrawn status | Lost status | Source of classification or shelving scheme | Damaged status | Not for loan | Permanent Location | Current Location | Shelving location | Date acquired | Total Checkouts | Full call number | Barcode | Date last seen | Copy number | Price effective from | Koha item type |
|---|---|---|---|---|---|---|---|---|---|---|---|---|---|---|---|
| CBU-MAIN LIBRARY, KITWE. | CBU-MAIN LIBRARY, KITWE. | 04/25/2023 | NA 9185 Ash | 010376 | 04/25/2023 | 1 | 04/25/2023 | MONOGRAPH | |||||||
| CBU-MAIN LIBRARY, KITWE. | CBU-MAIN LIBRARY, KITWE. | 04/25/2023 | NA 9185 Ash | 010375 | 04/25/2023 | 2 | 04/25/2023 | MONOGRAPH |